Famous Works by Schubert - Statistics

General Stats
  • This quiz has been taken 77 times
  • The average score is 7 of 12
Answer Stats
Hint Answer % Correct
His eighth symphony was ... Unfinished
92%
Song about a father riding a horse and his hallucinating son Der Erlkönig
90%
Nickname for his piano quintet Trout
81%
A cold song cycle Winterreise
68%
Difficult C major piece for solo piano {Wanderer} Fantasy
52%
Famous song from Schwanengesang, 'Leise flehen meine Lieder' Ständchen
50%
A song, as well as the nickname for his string quartet no. 14 Death and the Maiden
47%
Song cycle about a brook, a miller and his daughter Die schöne Müllerin
45%
Six short pieces for solo piano Moments musicaux
39%
Incidental music and a nickname for his string quartet no. 13 Rosamunde
39%
Famous song based on Goethe's Faust Gretchen am Spinnrade
35%
Ellens Gesang III is better known as ... Ave Maria
32%
No matching quizzes found
Score Distribution
Percent of People with Each Score
Percentile by Number Answered
Your Score History
You have not taken this quiz